Brusel zamontoval do nadčasov odbory

Návrh reformy smernice o dĺžke pracovného času, schválený Európskou komisiou (EK) v septembri 2004. Veľký háčik novelizácie starej legislatívy - posilnenie pozície odborov. Ani odbory, ani zamestnávatelia nie sú s návrhom spokojní. V únii je všeobecne povolený najviac 48-hod. pracovný týždeň - výnim...

Full description

Saved in:
Bibliographic Details
Main Author: Schönwiesner, Roman
Format: Book Chapter
Language:Slovak
Subjects:
Tags: Add Tag
No Tags, Be the first to tag this record!

MARC

LEADER 00000naa$a2200000$$$4500
001 0019700
005 20231009075314.1
041 0 |a slo 
044 |a SK 
245 1 0 |a Brusel zamontoval do nadčasov odbory  |c Roman Schönwiesner 
520 |a Návrh reformy smernice o dĺžke pracovného času, schválený Európskou komisiou (EK) v septembri 2004. Veľký háčik novelizácie starej legislatívy - posilnenie pozície odborov. Ani odbory, ani zamestnávatelia nie sú s návrhom spokojní. V únii je všeobecne povolený najviac 48-hod. pracovný týždeň - výnimky. Návrh EK sprísňuje niektoré pracovné podmienky. Vyššia flexibilita pri výpočte priemernej dĺžky pracovného času. Problém započítavania tzv. neaktívneho času služby. 
610 2 0 |a čas pracovný 
610 2 0 |a reformy 
610 2 0 |a odbory 
610 2 0 |a zamestnávatelia 
610 2 0 |a nadpráca 
610 2 0 |a Európska únia 
100 1 |a Schönwiesner, Roman